Top 20 Words Starting with Z - Statistics

General Stats
  • This quiz has been taken 809 times
  • The average score is 9 of 20
Answer Stats
freq word % Correct
17 zoo
87%
11 zip
78%
4 zebra
74%
1 zap
65%
47 zero
57%
63 zone
56%
3 zeal
54%
2 zest
52%
6 zoom
51%
3 zigzag
39%
8 zinc
37%
1 zoology
37%
1 zany
34%
1 zealous
33%
2 zenith
27%
1 zealot
24%
1 zombie
20%
2 zoologist
17%
2 zeppelin
16%
4 zodiac
11%
No matching quizzes found
Score Distribution
Percent of People with Each Score
Percentile by Number Answered
Your Score History
You have not taken this quiz